01264nam a22001577a 4500003000400000005001700004008004100021022001300062040000700075041000800082245006100090260003300151500080900184650001400993856009901007OSt20220601114940.0220601b ||||| |||| 00| 0 eng d 222779787 cAL aeng aSouth Asian Journal of Macroeconomics and Public Finance aNew DelhibSage Publications aThe purpose of the South Asian Journal of Macroeconomics and Public Finance is to publish (in English language) peer-reviewed articles, reviews and scholarly comments on issues relating to contemporary global macroeconomics and public finance by which is understood that: ยท The journal is for all professionals concerned with contemporary Macroeconomics and Public Finance and is a forum for all views on related subjects. The newly expanded, internationally reputed and diverse Editorial Advisory Board welcomes articles of current interest on research and application on the areas mentioned above. The journal is international in the sense that it seeks research papers from authors with international reputation and focus. The articles are expected to generate interest to an international audience. 2Economics ahttps://us.sagepub.com/en-us/nam/journal/south-asian-journal-macroeconomics-and-public-finance